[Event "Titled Tuesday intern op 23rd May Late"]
[Site "Chess.com INT"]
[Date "2023.05.23"]
[Round "7"]
[White "Wang, Henry H"]
[Black "Jimenez Martinez, Jose Vicente"]
[Result "0-1"]
[WhiteElo "2193"]
[BlackElo "2212"]
[PlyCount "84"]
[EventDate "2023.05.23"]
[EventType "swiss (blitz)"]
[EventRounds "11"]
[EventCountry "USA"]
[SourceTitle "EXT 2024"]
[Source "ChessBase"]
[SourceDate "2023.10.10"]
[SourceVersion "1"]
[SourceVersionDate "2023.10.10"]
[SourceQuality "1"]

1. d4 d6 2. e4 g6 3. Nc3 Bg7 4. Nf3 Nf6 5. Be2 0-0 6. 0-0 Bg4 7. h3 Bxf3 8. Bxf3 Nbd7 9. Be3 e5 10. dxe5 Nxe5 11. Be2 Re8 12. f4 Nc6 13. Bf3 a6 14. Qd2 Rb8 15. Rad1 Na5 16. b3 Nc6 17. Rfe1 Nd7 18. e5 Nf8 19. exd6 cxd6 20. Nd5 Nd7 21. f5 Nce5 22. Be2 gxf5 23. Rf1 Nc6 24. Rxf5 Ne7 25. Bg5 f6 26. Nxf6+ Nxf6 27. Bxf6 Qb6+ 28. Kh1 Nxf5 29. Qd5+ Kh8 30. Qxf5 Qc7 31. Bd3 Bxf6 32. Qxf6+ Qg7 33. Qxd6 Rbd8 34. Qf4 Rf8 35. Qh4 Rd4 36. Qh5 Rdf4 37. Re1 Rf2 38. Be4 Rf1+ 39. Rxf1 Rxf1+ 40. Kh2 Qc7+ 41. g3 Rf2+ 42. Kg1 Qxg3+ 0-1

[Event "Hollywood Classic 3rd"]
[Site "Los Angeles"]
[Date "2022.08.07"]
[Round "8"]
[White "Chasin, Nico Werner"]
[Black "Wang, Henry H"]
[Result "1-0"]
[WhiteElo "2392"]
[BlackElo "2144"]
[PlyCount "91"]
[EventDate "2022.08.03"]
[EventType "swiss"]
[EventRounds "9"]
[EventCountry "USA"]
[SourceTitle "CBM 209 Extra"]
[Source "ChessBase"]
[SourceDate "2022.09.30"]
[SourceVersion "1"]
[SourceVersionDate "2022.09.30"]
[SourceQuality "1"]

1. d4 d5 2. c4 c6 3. Nf3 Nf6 4. e3 a6 5. Nc3 Bf5 6. Bd3 Bxd3 7. Qxd3 e6 8. 0-0 Nbd7 9. e4 dxe4 10. Nxe4 Nxe4 11. Qxe4 Be7 12. Bf4 0-0 13. Rfe1 Re8 14. Rad1 Bf6 15. b3 a5 16. Ne5 Qe7 17. Qe3 a4 18. b4 Nf8 19. Ng4 Ng6 20. Nxf6+ Qxf6 21. Bg3 Red8 22. Bc7 Rd7 23. Bb6 Ne7 24. Bc5 b5 25. Qe4 Rc8 26. Rc1 bxc4 27. Bxe7 Qxe7 28. Rxc4 Rd5 29. a3 Qd7 30. Qc2 Rxd4 31. Rxd4 Qxd4 32. Rd1 Qb6 33. Qxa4 h6 34. g3 g6 35. Qc2 c5 36. Qc4 Qa7 37. Rd3 Qe7 38. Rc3 Qb7 39. bxc5 Qc6 40. a4 Ra8 41. Qb5 Qe4 42. Rc4 Qe1+ 43. Kg2 Ra5 44. Qb8+ Kg7 45. c6 Rh5 46. Qb2+ 1-0

[Event "Hollywood Classic 3rd"]
[Site "Los Angeles"]
[Date "2022.08.07"]
[Round "9"]
[White "Wang, Henry H"]
[Black "Bortnyk, Mykola"]
[Result "0-1"]
[WhiteElo "2144"]
[BlackElo "2456"]
[PlyCount "88"]
[EventDate "2022.08.03"]
[EventType "swiss"]
[EventRounds "9"]
[EventCountry "USA"]
[SourceTitle "CBM 209 Extra"]
[Source "ChessBase"]
[SourceDate "2022.09.30"]
[SourceVersion "1"]
[SourceVersionDate "2022.09.30"]
[SourceQuality "1"]

1. Nf3 c5 2. b3 d5 3. e3 Nf6 4. Bb2 g6 5. Bb5+ Bd7 6. Bxf6 exf6 7. Bxd7+ Qxd7 8. d4 Nc6 9. 0-0 cxd4 10. Nxd4 Bc5 11. c3 0-0 12. Nd2 Rac8 13. N2f3 Ne5 14. Qd2 Rfd8 15. Rfd1 Qc7 16. Rac1 a6 17. Rc2 b5 18. Qe2 h5 19. Ra1 Qb6 20. a4 bxa4 21. b4 Bxd4 22. Nxd4 Nc6 23. Rxa4 Nxd4 24. exd4 Re8 25. Qf1 Rc4 26. Ra5 Rec8 27. Rc5 R8xc5 28. dxc5 Qb5 29. Rd2 Qa4 30. Qd3 a5 31. bxa5 d4 32. h3 dxc3 33. Rc2 Rxc5 34. a6 h4 35. Kh2 Qa5 36. g3 hxg3+ 37. Qxg3 Kg7 38. Qd3 Qb6 39. Qg3 Rg5 40. Qe3 Qb1 41. Rc1 Qb8+ 42. Kh1 Qa8+ 43. f3 Rg3 44. Rxc3 Qh8 0-1

[Event "PNWCC Online blitz JP 2nd"]
[Site "Chess.com INT"]
[Date "2020.03.21"]
[Round "3"]
[White "Hong, Andrew Z"]
[Black "Wang, Henry H"]
[Result "0-1"]
[WhiteElo "2444"]
[BlackElo "2035"]
[PlyCount "122"]
[EventDate "2020.03.21"]
[EventType "swiss (blitz)"]
[EventRounds "11"]
[EventCountry "USA"]
[SourceTitle "CBM 195 Extra"]
[Source "ChessBase"]
[SourceDate "2020.05.31"]
[SourceVersion "1"]
[SourceVersionDate "2020.05.31"]
[SourceQuality "1"]

1. e4 c6 2. d4 d5 3. e5 c5 4. dxc5 e6 5. Nf3 Bxc5 6. Bd3 Ne7 7. a3 Ng6 8. 0-0 0-0 9. b4 Bb6 10. Re1 a5 11. Bb2 Nd7 12. c4 dxc4 13. Bxc4 Qe7 14. Qb3 axb4 15. axb4 Rxa1 16. Bxa1 Nb8 17. Bc3 Rd8 18. Na3 Bd7 19. b5 Bc5 20. Nc2 Be8 21. g3 Nd7 22. h4 Nb6 23. Bf1 Nd5 24. Ba5 Ra8 25. Bd2 Qc7 26. h5 Nf8 27. Bc4 Nb6 28. Bd3 Rd8 29. Ba5 Ra8 30. Ra1 Qd7 31. Be2 Nd5 32. Bd2 Rxa1+ 33. Nxa1 Qc7 34. Qc4 Qb6 35. Be1 Qa7 36. Nb3 Be7 37. Bd2 Qa2 38. Bd3 Nd7 39. Na5 Qa1+ 40. Kg2 Nxe5 41. Nxe5 Qxe5 42. Nxb7 Qxh5 43. Qc8 Kf8 44. Nc5 Nf6 45. Be3 Qd5+ 46. Kg1 Ng4 47. Be4 Qd1+ 48. Kg2 Nxe3+ 49. fxe3 Qe2+ 50. Kh3 Qh5+ 51. Kg2 Qe2+ 52. Kh3 Qh5+ 53. Kg2 Qxc5 54. Bc6 Qc2+ 55. Kf3 Qf5+ 56. Ke2 Qc2+ 57. Kf3 Qf5+ 58. Kg2 Qc2+ 59. Kh3 Qf5+ 60. Kh2 Qf2+ 61. Kh3 Qf5+ 0-1

[Event "PNWCC Online blitz JP 2nd"]
[Site "Chess.com INT"]
[Date "2020.03.21"]
[Round "9"]
[White "Wang, Henry H"]
[Black "Hakobyan, Aram"]
[Result "0-1"]
[WhiteElo "2035"]
[BlackElo "2588"]
[PlyCount "52"]
[EventDate "2020.03.21"]
[EventType "swiss (blitz)"]
[EventRounds "11"]
[EventCountry "USA"]
[SourceTitle "CBM 195 Extra"]
[Source "ChessBase"]
[SourceDate "2020.05.31"]
[SourceVersion "1"]
[SourceVersionDate "2020.05.31"]
[SourceQuality "1"]

1. f4 d5 2. Nf3 Nf6 3. g3 g6 4. Bg2 Bg7 5. 0-0 0-0 6. d3 c5 7. Qe1 Nc6 8. e4 dxe4 9. dxe4 e5 10. Nc3 Nd4 11. fxe5 Ng4 12. Nxd4 Qxd4+ 13. Kh1 Be6 14. Bf4 Nxe5 15. Nd5 Qxb2 16. Rb1 Qxc2 17. Nc7 Nd3 18. Qd1 Nf2+ 19. Rxf2 Qxf2 20. Nxa8 Rxa8 21. Rxb7 Bd4 22. e5 Bg4 23. Qb1 Bf3 24. Rb8+ Kg7 25. Bh6+ Kxh6 26. Qc1+ Kg7 0-1